[Event "Faxe Dags EMT 2011"]
[Site "Faxe"]
[Date "2011.04.27"]
[Round "4"]
[White "Andersen, Hans Poul"]
[Black "Eckert, Svend"]
[Result "0-1"]
[WhiteElo "1217"]
[BlackElo "1622"]
[PlyCount "80"]
[EventDate "2011.??.??"]

1. e4 c6 2. d4 d5 3. e5 Bf5 4. Nc3 e6 5. Nf3 Nd7 6. h3 c5 7. Bf4 Rc8 8. Bb5 a6
9. Bd3 Bxd3 10. Qxd3 cxd4 11. Nxd4 Bb4 12. Nb3 Rc4 13. Bg3 Re4+ 14. Kd1 Nxe5
15. Bxe5 Rxe5 16. Qd4 Bxc3 17. Qxc3 f6 18. Re1 Rxe1+ 19. Qxe1 e5 20. Qb4 b6 21.
Qa4+ Kf7 22. Qxa6 Ne7 23. Qb5 Qd6 24. a4 Rb8 25. Nd2 Nc6 26. c3 Na5 27. Kc2 Rc8
28. Rd1 Qe6 29. Nf3 d4 30. Kb1 Rc5 31. Qa6 dxc3 32. Qa7+ Kg6 33. Nh4+ Kh6 34.
Rc1 Rc4 35. g4 g6 36. Qb8 Rc8 37. Qa7 c2+ 38. Rxc2 Rxc2 39. Kxc2 Qb3+ 40. Kb1
Nc4 0-1

[Event "Faxe Dags EMT 2011"]
[Site "Faxe"]
[Date "2011.04.27"]
[Round "4"]
[White "Wehlast, Svend Erik"]
[Black "Hansen, Knud"]
[Result "1-0"]
[WhiteElo "1420"]
[BlackElo "1599"]
[PlyCount "51"]
[EventDate "2011.??.??"]

1. d4 d5 2. Nf3 e6 3. e3 Nf6 4. Bd3 Nbd7 5. Nbd2 g6 6. O-O Bg7 7. c3 O-O 8. e4
dxe4 9. Nxe4 Nxe4 10. Bxe4 Rb8 11. Be3 Nf6 12. Bc2 b6 13. Bg5 Qd6 14. Qc1 Nd5
15. Bh6 Bb7 16. Ne5 Rbc8 17. Bxg7 Kxg7 18. Ng4 Nf4 19. Bd3 h5 20. Ne5 Bxg2 21.
Qxf4 Bxf1 22. Rxf1 Qe7 23. Kh1 Rg8 24. Rg1 Rcf8 25. Rg5 Kh7 26. Qh4 1-0

[Event "Faxe Dags EMT 2011"]
[Site "Faxe"]
[Date "2011.04.27"]
[Round "4"]
[White "Hansen, Arne Mandrup"]
[Black "Larsen, Paul M"]
[Result "0-1"]
[WhiteElo "1366"]
[BlackElo "1507"]
[PlyCount "72"]
[EventDate "2011.??.??"]

1. d4 Nf6 2. Bf4 d5 3. e3 Bf5 4. c4 dxc4 5. Bxc4 e6 6. Qb3 b6 7. Nf3 Bd6 8. Bg3
O-O 9. Bd3 Ne4 10. Bxe4 Bxe4 11. Nbd2 Bd5 12. Qc2 a5 13. Bxd6 Qxd6 14. O-O Na6
15. a3 Rfc8 16. Ne4 Qc6 17. Qxc6 Bxc6 18. Ned2 Bb5 19. Rfc1 c5 20. dxc5 Nxc5
21. h3 Nd3 22. Rxc8+ Rxc8 23. Nd4 Ba6 24. b3 e5 25. N4f3 f5 26. g3 Rc2 27. Rd1
Bb7 28. Ne1 Nxe1 29. Nc4 Nf3+ 30. Kf1 Ba6 31. Kg2 Bxc4 32. Rd8+ Kf7 33. bxc4 e4
34. Rd7+ Ke6 35. Rb7 Rc1 36. h4 Rg1+ 0-1

[Event "Faxe Dags EMT 2011"]
[Site "Faxe"]
[Date "2011.04.28"]
[Round "4"]
[White "Sorensen, Lindved"]
[Black "Larsen, Poul Erik"]
[Result "1-0"]
[WhiteElo "1505"]
[BlackElo "1334"]
[PlyCount "43"]
[EventDate "2011.??.??"]

1. Nf3 Nf6 2. c4 e6 3. g3 b6 4. Bg2 Bb7 5. O-O d5 6. Ne5 c6 7. d4 Bd6 8. f4 O-O
9. b3 Qc7 10. Ba3 c5 11. Nc3 a6 12. Rc1 Qe7 13. Na4 Nbd7 14. cxd5 Bxd5 15. Nxd7
Nxd7 16. Bxd5 exd5 17. dxc5 Qe3+ 18. Kg2 Qe4+ 19. Rf3 bxc5 20. Bxc5 Nxc5 21.
Nxc5 Rfe8 22. Nxe4 1-0

[Event "Faxe Dags EMT 2011"]
[Site "Faxe"]
[Date "2011.04.27"]
[Round "4"]
[White "Rasmussen, Frede"]
[Black "Jakobsen, Henning"]
[Result "1/2-1/2"]
[WhiteElo "1434"]
[BlackElo "1182"]
[PlyCount "68"]
[EventDate "2011.??.??"]

1. d4 Nf6 2. Bf4 d6 3. h3 g6 4. e3 Bg7 5. Nf3 O-O 6. Bd3 Nc6 7. c3 Nd5 8. Bg3
e5 9. e4 Nf6 10. d5 Ne7 11. Nbd2 Nd7 12. b4 f5 13. Bh4 f4 14. a4 h6 15. Bxe7
Qxe7 16. b5 Nc5 17. Nb3 Nxb3 18. Qxb3 b6 19. a5 Bd7 20. a6 g5 21. c4 Kf7 22.
Be2 Rh8 23. Kd2 h5 24. Nh2 Rh6 25. Raf1 Rf8 26. Qd1 Rfh8 27. f3 Ke8 28. Rfg1
Qf6 29. Qf1 Rg6 30. Qf2 Rg8 31. Kd3 Kd8 32. Nf1 Bh6 33. Nh2 Qg7 34. Qe1 h4
1/2-1/2

[Event "Faxe Dags EMT 2011"]
[Site "Faxe"]
[Date "2011.04.27"]
[Round "4"]
[White "Nielsen, Flemming"]
[Black "Christoffersen, Ib"]
[Result "0-1"]
[WhiteElo "1428"]
[BlackElo "1366"]
[PlyCount "100"]
[EventDate "2011.??.??"]

1. e4 e5 2. Nf3 Nc6 3. Bc4 h6 4. O-O Nf6 5. Re1 d6 6. c3 Bg4 7. d4 Be7 8. d5
Nb8 9. Qb3 Bxf3 10. Qxb7 Nbd7 11. gxf3 Nc5 12. Qb5+ Ncd7 13. Kh1 a6 14. Qa4 O-O
15. Rg1 Kh7 16. Qc2 Nh5 17. Nd2 Bh4 18. Nf1 Qf6 19. Qe2 Nf4 20. Bxf4 exf4 21.
Bd3 Ne5 22. Bc2 Rg8 23. h3 g6 24. Nh2 h5 25. c4 Rg7 26. b4 Rb8 27. b5 a5 28.
Bb3 Qe7 29. a4 Qd7 30. Qf1 Rbg8 31. Rc1 g5 32. c5 g4 33. c6 Qe7 34. fxg4 hxg4
35. Qd1 Qg5 36. hxg4 Bxf2 37. Rg2 Bg3 38. Qg1 Qh4 39. b6 Nf3 40. Rcc2 Nxg1 41.
Kxg1 Qf6 42. Rc1 Qd4+ 43. Kh1 Qxb6 44. Rb1 Qd4 45. Nf3 Qf6 46. Bc2 Qh6+ 47. Kg1
Rxg4 48. e5+ Kh8 49. exd6 Bf2+ 50. Kxf2 Rxg2+ 0-1

[Event "Faxe Dags EMT 2011"]
[Site "Faxe"]
[Date "2011.04.27"]
[Round "4"]
[White "Voigt, Keld"]
[Black "Toftvang, Ove"]
[Result "1/2-1/2"]
[WhiteElo "1087"]
[BlackElo "1241"]
[PlyCount "116"]
[EventDate "2011.??.??"]

1. d4 f5 2. c4 g6 3. Nc3 c6 4. e4 d6 5. Bd3 e6 6. Nf3 Bg7 7. O-O Nf6 8. exf5
exf5 9. Re1+ Kd7 10. d5 Re8 11. Ng5 Rxe1+ 12. Qxe1 Qe8 13. Be3 Kd8 14. Bf4 h6
15. Ne6+ Bxe6 16. dxe6 Qe7 17. Rd1 Ne8 18. c5 Bxc3 19. bxc3 d5 20. Bxh6 Nc7 21.
f4 Kc8 22. Bg5 Qxe6 23. Qxe6+ Nxe6 24. Re1 Kd7 25. g3 Na6 26. Bxa6 bxa6 27. Rb1
Nxc5 28. Bf6 Ke6 29. Bd4 Ne4 30. Rb7 c5 31. Bg7 c4 32. Bd4 a5 33. Rg7 a6 34.
Rxg6+ Kf7 35. Rb6 a4 36. Rb4 a3 37. Kg2 Nd6 38. Be5 Nb5 39. h4 Kg6 40. Rb1 Kh5
41. Kf3 Rd8 42. Rd1 Rd7 43. Bd4 a5 44. Rb1 Rb7 45. Rd1 Rd7 46. Be5 a4 47. Rb1
Rb7 48. Rb4 d4 49. Rxc4 Nxc3 50. Bxd4 Nxa2 51. Rxa4 Rb3+ 52. Kg2 Kg4 53. Ra8
Rxg3+ 54. Kf2 Kh3 55. Be5 Nb4 56. Kf1 a2 57. Ke2 Rg2+ 58. Kd1 Nd3 1/2-1/2

[Event "Faxe Dags EMT 2011"]
[Site "Faxe"]
[Date "2011.04.27"]
[Round "4"]
[White "Olsen, Michael2"]
[Black "Joost, Kjeld"]
[Result "1-0"]
[WhiteElo "1197"]
[BlackElo "1310"]
[PlyCount "91"]
[EventDate "2011.??.??"]

1. d4 d5 2. c4 Nf6 3. Nc3 Nc6 4. Bg5 e5 5. Bxf6 Qxf6 6. Nxd5 Qd6 7. e3 Be6 8.
Nxc7+ Qxc7 9. d5 Bb4+ 10. Ke2 Nd4+ 11. exd4 Qxc4+ 12. Ke3 exd4+ 13. Qxd4 Bc5
14. Bxc4 Bxd4+ 15. Kxd4 Rd8 16. Nf3 O-O 17. Rad1 Bf5 18. Rhe1 a6 19. b4 Bc2 20.
Rd2 Ba4 21. a3 Rd6 22. Kc3 Rc8 23. Re5 b5 24. Rde2 bxc4 25. Nd2 f6 26. Re6 Rxd5
27. Nxc4 Bb5 28. R2e4 Kf7 29. Re7+ Kf8 30. Ra7 Bxc4 31. Rxc4 Rxc4+ 32. Kxc4 Rd2
33. Rxa6 Rxf2 34. b5 Rxg2 35. b6 Rc2+ 36. Kb5 Ke7 37. Ra7+ Kd8 38. Rxg7 Kc8 39.
Rxh7 Ra2 40. a4 f5 41. a5 f4 42. Rf7 Rxh2 43. Rxf4 Kb7 44. Rf7+ Kb8 45. Ka6 Rh6
46. Rf8# 1-0

[Event "Faxe Dags EMT 2011"]
[Site "Faxe"]
[Date "2011.05.04"]
[Round "5"]
[White "Andersen, Bjarne Hjorth"]
[Black "Jensen, Leif"]
[Result "1/2-1/2"]
[WhiteElo "1963"]
[BlackElo "1947"]
[PlyCount "44"]
[EventDate "2011.??.??"]

1. e4 e6 2. d4 d5 3. Nd2 dxe4 4. Nxe4 Nd7 5. Nf3 Ngf6 6. Bd3 Nxe4 7. Bxe4 Nf6
8. Bg5 Be7 9. Bxf6 Bxf6 10. O-O c6 11. c3 Qc7 12. Re1 O-O 13. Ne5 Bxe5 14. dxe5
b6 15. Qd3 h6 16. Rad1 Bb7 17. Qd7 Rac8 18. Rd6 Rfe8 19. Red1 Kf8 20. Qxc7 Rxc7
21. Rd7 Rec8 22. f4 Ke8 1/2-1/2

[Event "Faxe Dags EMT 2011"]
[Site "Faxe"]
[Date "2011.05.04"]
[Round "5"]
[White "Hansen, Jens Hjort"]
[Black "Christoffersen, Per"]
[Result "1-0"]
[WhiteElo "1936"]
[BlackElo "1549"]
[PlyCount "85"]
[EventDate "2011.??.??"]

1. e4 e6 2. d4 d5 3. Nc3 Bb4 4. e5 c5 5. Bd2 cxd4 6. Nb5 Be7 7. Nf3 Nc6 8.
Nbxd4 Qb6 9. c3 Bc5 10. Bd3 Bd7 11. Be3 Nxd4 12. Nxd4 Ne7 13. O-O Nc6 14. Qg4
g6 15. Qf4 Nxd4 16. cxd4 Be7 17. a4 Qb3 18. Be2 Rc8 19. Qg4 h5 20. Qf3 g5 21.
Rfb1 Qc2 22. Bb5 Qg6 23. Qe2 a6 24. Bd3 Qg7 25. b4 f5 26. exf6 Bxf6 27. b5 Bxd4
28. Bxd4 Qxd4 29. Rd1 Qf6 30. bxa6 bxa6 31. Bxa6 Rc5 32. Bb5 Qc3 33. h3 Qf6 34.
Re1 g4 35. Qxe6+ Qxe6 36. Rxe6+ Kd8 37. Rd6 Rh7 38. Rd1 gxh3 39. R6xd5 Rxd5 40.
Rxd5 h4 41. Rxd7+ Rxd7 42. Bxd7 Kxd7 43. gxh3 1-0

[Event "Faxe Dags EMT 2011"]
[Site "Faxe"]
[Date "2011.05.04"]
[Round "5"]
[White "Ostrem, Eyolf"]
[Black "Petersen, Bent"]
[Result "0-1"]
[WhiteElo "1400"]
[BlackElo "1884"]
[PlyCount "88"]
[EventDate "2011.??.??"]

1. Nf3 c5 2. g3 Nc6 3. Bg2 d5 4. O-O Bf5 5. d3 e6 6. Nbd2 Nf6 7. Re1 Qc7 8. e4
Bg6 9. c3 Be7 10. h3 O-O 11. Nh4 dxe4 12. Nxg6 hxg6 13. Nxe4 Rad8 14. Qe2 Rfe8
15. Bf4 e5 16. Be3 b6 17. Rad1 Nd5 18. Bd2 Qd7 19. Rf1 Nf6 20. Kh2 Bd6 21. Bg5
Be7 22. Bxf6 Bxf6 23. Qf3 Be7 24. Nxc5 Bxc5 25. Qxc6 Qxc6 26. Bxc6 Re6 27. Be4
a5 28. g4 Rf6 29. Kg3 Rf4 30. f3 Rf6 31. f4 exf4+ 32. Rxf4 Bd6 33. Rdf1 g5 34.
R1f3 Bxf4+ 35. Kg2 Rfd6 36. Bf5 g6 37. Be4 Kg7 38. h4 Bc1 39. b3 gxh4 40. d4
Rf6 41. Rd3 Re8 42. Rd1 Rxe4 43. Rxc1 Re2+ 44. Kh3 g5 0-1

[Event "Faxe Dags EMT 2011"]
[Site "Faxe"]
[Date "2011.05.04"]
[Round "5"]
[White "Hansen, Aage"]
[Black "Hansen, Egon"]
[Result "1-0"]
[WhiteElo "1622"]
[BlackElo "1363"]
[PlyCount "31"]
[EventDate "2011.??.??"]

1. e4 e5 2. f4 exf4 3. Nf3 g5 4. Bc4 d6 5. O-O Be6 6. Qe2 Bg7 7. Bxe6 fxe6 8.
Qb5+ Nd7 9. d4 Rb8 10. Nc3 g4 11. Qh5+ Kf8 12. Qxg4 Ndf6 13. Qxf4 Ke7 14. e5
Nd7 15. Qg5+ Ke8 16. Qxg7 1-0

[Event "Faxe Dags EMT 2011"]
[Site "Faxe"]
[Date "2011.05.16"]
[Round "5"]
[White "Arendal, Gustav"]
[Black "Hansen, Borge"]
[Result "1/2-1/2"]
[WhiteElo "1834"]
[BlackElo "1592"]
[PlyCount "98"]
[EventDate "2011.??.??"]

1. e4 e5 2. Nf3 Nc6 3. Bb5 d6 4. d4 exd4 5. Nxd4 Bd7 6. O-O Nf6 7. Nc3 Be7 8.
Re1 O-O 9. Nxc6 bxc6 10. Bd3 Ng4 11. Bf4 Bf6 12. Qd2 Ne5 13. Be2 Rb8 14. b3 Qc8
15. Rad1 Bg4 16. Bxe5 Bxe5 17. f3 Bxc3 18. Qxc3 Bd7 19. f4 Qb7 20. Rd3 Qb4 21.
Qxb4 Rxb4 22. c4 Be6 23. Bf3 f6 24. g4 g5 25. f5 Bf7 26. Kf2 c5 27. h4 h6 28.
hxg5 hxg5 29. Rh1 Kg7 30. Bg2 Rh8 31. Rf1 Rb6 32. Kg3 a5 33. a4 Rhb8 34. Rff3
Re8 35. Rfe3 Rh8 36. Bf3 Rb4 37. Bd1 Rbb8 38. Re1 Rh4 39. Bf3 Rbh8 40. Bg2 Rh2
41. Rdd1 R2h4 42. Rh1 Rxh1 43. Bxh1 Rb8 44. Rd3 Rb6 45. Bf3 Rb4 46. Bd1 Rb8 47.
Bc2 Re8 48. Rf3 Re5 49. Rf1 Re7 1/2-1/2

[Event "Faxe Dags EMT 2011"]
[Site "Faxe"]
[Date "2011.05.04"]
[Round "5"]
[White "Kjeldgaard, Lennart"]
[Black "Sorensen, Lindved"]
[Result "1-0"]
[WhiteElo "1565"]
[BlackElo "1505"]
[PlyCount "119"]
[EventDate "2011.??.??"]

1. e4 d5 2. e5 c5 3. c3 Nc6 4. Bb5 Bd7 5. d4 cxd4 6. Bxc6 bxc6 7. cxd4 Rb8 8.
Ne2 e6 9. b3 c5 10. Be3 cxd4 11. Bxd4 Bb4+ 12. Bc3 Ne7 13. Bxb4 Rxb4 14. Qd2
Nc6 15. O-O Re4 16. f4 Qb6+ 17. Kh1 Qe3 18. Qxe3 Rxe3 19. Ng3 Nd4 20. Nd2 Bb5
21. Rac1 O-O 22. Rfd1 Ne2 23. Nxe2 Rxe2 24. a4 Bd3 25. Rc3 Be4 26. Nxe4 Rxe4
27. g3 g5 28. Rf1 Rb8 29. Kg2 g4 30. h3 Re2+ 31. Kh1 gxh3 32. g4 Rg2 33. g5 Rb2
34. Rff3 h2 35. Rh3 Kg7 36. Rcg3 Rb4 37. Rg2 Rxg2 38. Kxg2 Rxf4 39. Kxh2 Rf5
40. Rg3 Rxe5 41. Kg2 Rf5 42. Rg4 Kg6 43. b4 Rxg5 44. Rxg5+ Kxg5 45. b5 Kf6 46.
a5 Ke7 47. b6 axb6 48. a6 d4 49. a7 e5 50. a8=Q Ke6 51. Qc6+ Kf5 52. Qxb6 f6
53. Qb1+ e4 54. Qb5+ Kf4 55. Qb8+ Kf5 56. Qc8+ Ke5 57. Qc7+ Kf5 58. Qxh7+ Ke5
59. Qe7+ Kf5 60. Qc5+ 1-0

[Event "Faxe Dags EMT 2011"]
[Site "Faxe"]
[Date "2011.05.04"]
[Round "5"]
[White "Larsen, Paul M"]
[Black "Andersen, Hans E"]
[Result "1-0"]
[WhiteElo "1507"]
[BlackElo "1476"]
[PlyCount "73"]
[EventDate "2011.??.??"]

1. Nf3 Nc6 2. c4 e5 3. e4 Nf6 4. Nc3 Bc5 5. h3 d6 6. a3 a6 7. b4 Bd4 8. Bb2
Bxc3 9. dxc3 Nxe4 10. Bd3 Nf6 11. Qc2 g6 12. O-O-O O-O 13. g3 b6 14. b5 Ne7 15.
Be4 Nxe4 16. Qxe4 Bf5 17. Qh4 Kg7 18. Nxe5 Qe8 19. Ng4 f6 20. Qh6+ Kh8 21. Qd2
axb5 22. c5 bxc5 23. c4 Ng8 24. Rhe1 Qf7 25. Ne3 Bd7 26. Nd5 Ra7 27. Bxf6+ Nxf6
28. Re7 Qg8 29. Qc3 Rf7 30. Nxf6 Qg7 31. Rxf7 Qxf7 32. Nxd7+ Kg8 33. Nf6+ Kf8
34. Nd5 bxc4 35. Re1 c6 36. Qh8+ Qg8 37. Re8+ 1-0

[Event "Faxe Dags EMT 2011"]
[Site "Faxe"]
[Date "2011.05.04"]
[Round "5"]
[White "Wehlast, Svend Erik"]
[Black "Refsgaard, Kaj"]
[Result "1-0"]
[WhiteElo "1420"]
[BlackElo "1506"]
[PlyCount "89"]
[EventDate "2011.??.??"]

1. d4 d5 2. Nf3 Nf6 3. h3 Nbd7 4. Bf4 g6 5. e3 Bg7 6. c4 c6 7. Nc3 O-O 8. c5 b6
9. b4 Nh5 10. Bh2 bxc5 11. bxc5 Nxc5 12. Ne5 Qd6 13. dxc5 Qe6 14. f4 f6 15. Ng4
g5 16. f5 Qxf5 17. Nh6+ Bxh6 18. Qxh5 Qc2 19. Nd1 Bg7 20. Qe2 Qxc5 21. Qd2 Bf5
22. Be2 e5 23. O-O Rad8 24. Rxf5 d4 25. e4 d3+ 26. Rf2 dxe2 27. Qxe2 Rd7 28.
Bg3 Rfd8 29. Kh2 Rd3 30. Qg4 Rxd1 31. Rxd1 Rxd1 32. Qxd1 Qa3 33. Qd8+ Kf7 34.
Qd7+ Kg6 35. Qf5+ Kh6 36. h4 Qe3 37. hxg5+ fxg5 38. Qe6+ Kh5 39. Qf7+ Kh6 40.
Qe6+ Kh5 41. Qxc6 Kg4 42. Rf3 Qd2 43. Qe6+ Kh5 44. Bf2 Qe2 45. Rh3# 1-0

[Event "Faxe Dags EMT 2011"]
[Site "Faxe"]
[Date "2011.05.04"]
[Round "5"]
[White "Christoffersen, Ib"]
[Black "Rasmussen, Frede"]
[Result "0-1"]
[WhiteElo "1366"]
[BlackElo "1434"]
[PlyCount "76"]
[EventDate "2011.??.??"]

1. e4 e6 2. d4 a6 3. Nc3 h6 4. a3 b5 5. Be2 Bb7 6. Bf3 d6 7. Nge2 Nd7 8. Ng3 c5
9. d5 e5 10. Bh5 Ndf6 11. Bf3 Bc8 12. Bd2 g5 13. h3 Ne7 14. Bh5 Bg7 15. Bf3 Ng6
16. Nh5 Nxh5 17. Bxh5 Qf6 18. Ne2 Nf4 19. Nxf4 gxf4 20. Qf3 Bd7 21. O-O-O Kd8
22. Ba5+ Kc8 23. Bg4 Qe7 24. g3 h5 25. Bxd7+ Kxd7 26. gxf4 exf4 27. Qxf4 Bh6
28. Bd2 Bxf4 29. Bxf4 Qh4 30. Bg3 Qxe4 31. Rhe1 Qf5 32. h4 Rhe8 33. Rf1 Re2 34.
Rd3 Rae8 35. Kd1 c4 36. Rd2 Qe4 37. f3 Rxd2+ 38. Kxd2 Qe2+ 0-1

[Event "Faxe Dags EMT 2011"]
[Site "Faxe"]
[Date "2011.05.04"]
[Round "5"]
[White "Jakobsen, Henning"]
[Black "Andersen, Hans Poul"]
[Result "0-1"]
[WhiteElo "1182"]
[BlackElo "1217"]
[PlyCount "104"]
[EventDate "2011.??.??"]

1. d4 d5 2. c4 Nf6 3. Nc3 e6 4. Bg5 Be7 5. Nf3 Nc6 6. e3 a6 7. cxd5 Nxd5 8.
Bxe7 Qxe7 9. Bd3 h6 10. O-O O-O 11. a3 Nxc3 12. bxc3 Bd7 13. Qc2 f5 14. Qa2 Kh8
15. Rfb1 Rab8 16. g3 Qf6 17. Rb2 e5 18. Bc4 e4 19. Nd2 b5 20. Bd5 Ne7 21. Bb3
c6 22. Rab1 Rbd8 23. a4 Ra8 24. Qa3 Be6 25. a5 Bd5 26. c4 Bxc4 27. Nxc4 bxc4
28. Bxc4 Nd5 29. Bxd5 cxd5 30. Rb6 Qd8 31. Rd6 Qc7 32. Rxd5 Rfb8 33. Rxb8+ Rxb8
34. Rc5 Qd7 35. Qc1 Qa4 36. Rc8+ Rxc8 37. Qxc8+ Kh7 38. Qxf5+ Kh8 39. Qxe4 Qxa5
40. Qe5 Qxe5 41. dxe5 a5 42. Kf1 a4 43. e6 Kg8 44. f4 a3 45. f5 a2 46. Kg2 a1=Q
47. Kf3 Qh1+ 48. Kf4 Qxh2 49. e4 Qf2+ 50. Kg4 Qe3 51. f6 Qxe4+ 52. Kh3 Qxe6+
0-1

[Event "Faxe Dags EMT 2011"]
[Site "Faxe"]
[Date "2011.05.04"]
[Round "5"]
[White "Hansen, Knud"]
[Black "Toftvang, Ove"]
[Result "1-0"]
[WhiteElo "1599"]
[BlackElo "1241"]
[PlyCount "61"]
[EventDate "2011.??.??"]

1. e4 e5 2. Bc4 Nf6 3. d3 Be7 4. Ne2 d6 5. O-O O-O 6. h3 a6 7. a3 c6 8. Ba2 b5
9. Nd2 h6 10. Ng3 Kh8 11. Nf3 Nh7 12. Be3 f5 13. exf5 Bxf5 14. Nxf5 Rxf5 15.
Qd2 Qe8 16. Rae1 Rh5 17. Nh2 d5 18. c3 Qg6 19. Ng4 Nd7 20. f4 Rf8 21. Rf3 e4
22. dxe4 dxe4 23. Bb1 Rd8 24. Bxe4 Nc5 25. Bxg6 Rxd2 26. Bxd2 Bd6 27. Bxh5 Nf8
28. Bf7 Kh7 29. Ne5 Nb3 30. Bxb3 Bc5+ 31. Kf1 1-0

[Event "Faxe Dags EMT 2011"]
[Site "Faxe"]
[Date "2011.05.04"]
[Round "5"]
[White "Nielsen, Flemming"]
[Black "Olsen, Michael2"]
[Result "1-0"]
[WhiteElo "1428"]
[BlackElo "1197"]
[PlyCount "43"]
[EventDate "2011.??.??"]

1. e4 e6 2. d4 d5 3. Nd2 c5 4. c3 Nc6 5. Ne2 Be7 6. e5 cxd4 7. cxd4 Bb4 8. g3
Nge7 9. a3 Ba5 10. b4 Bb6 11. Nf3 h6 12. Nf4 Nf5 13. Bb5 O-O 14. Bxc6 bxc6 15.
g4 Ne7 16. g5 hxg5 17. Nxg5 Ng6 18. Qh5 Re8 19. Nxg6 fxg6 20. Qh7+ Kf8 21. Qh8+
Ke7 22. Qxg7# 1-0

[Event "Faxe Dags EMT 2011"]
[Site "Faxe"]
[Date "2011.05.04"]
[Round "5"]
[White "Hansen, Arne Mandrup"]
[Black "Voigt, Keld"]
[Result "1-0"]
[WhiteElo "1366"]
[BlackElo "1087"]
[PlyCount "107"]
[EventDate "2011.??.??"]

1. d4 Nf6 2. Bf4 d5 3. e3 e6 4. Nd2 Bd7 5. c3 a6 6. Bd3 Be7 7. Ngf3 Nc6 8. Ne5
O-O 9. Ndf3 Nh5 10. Bg3 f5 11. Nxd7 Qxd7 12. Ne5 Nxe5 13. Bxe5 Nf6 14. Qc2 Bd6
15. h3 Qe7 16. O-O-O Nd7 17. f4 Qh4 18. g4 Bxe5 19. fxe5 f4 20. exf4 Rxf4 21.
Rdf1 Rxf1+ 22. Bxf1 Rf8 23. Be2 Nb6 24. Qd1 Rf2 25. Qe1 Qh6+ 26. Kd1 Qf4 27.
Rf1 Rxf1 28. Qxf1 g5 29. Qxf4 gxf4 30. b3 Nd7 31. Kd2 Kg7 32. c4 c6 33. Bd1 Kg6
34. h4 h5 35. gxh5+ Kh6 36. Bg4 Nf8 37. Ke2 Kg7 38. Kf3 Kf7 39. Kxf4 Ke7 40.
Be2 Nh7 41. c5 Nf8 42. b4 Kf7 43. a4 Kg7 44. Kg4 Kh6 45. b5 a5 46. bxc6 bxc6
47. Bb5 Nd7 48. Bxc6 Nb8 49. Bb7 Kg7 50. c6 Nxc6 51. Bxc6 Kf7 52. Bd7 Ke7 53.
Bc8 Kd8 54. Bxe6 1-0

[Event "Faxe Dags EMT 2011"]
[Site "Faxe"]
[Date "2011.05.04"]
[Round "5"]
[White "Joost, Kjeld"]
[Black "Larsen, Poul Erik"]
[Result "1-0"]
[WhiteElo "1310"]
[BlackElo "1334"]
[PlyCount "49"]
[EventDate "2011.??.??"]

1. e4 e6 2. d4 d5 3. Nc3 Bb4 4. Bd2 Ne7 5. Qg4 h6 6. Qxg7 Rg8 7. Qxh6 dxe4 8.
O-O-O Nbc6 9. Nxe4 Bxd2+ 10. Rxd2 Nf5 11. Nf6+ Ke7 12. Nxg8+ Qxg8 13. Qf4 Nd6
14. Nf3 b6 15. Bb5 Nb4 16. a3 Nd5 17. Qh4+ f6 18. Bc6 Bb7 19. Bxb7 Nxb7 20. c4
Qxg2 21. Re1 Qxf3 22. cxd5 Qxd5 23. Rc2 c6 24. Qh7+ Kd6 25. Qxb7 1-0

[Event "Faxe Dags EMT 2011"]
[Site "Faxe"]
[Date "2011.05.11"]
[Round "6"]
[White "Jensen, Leif"]
[Black "Hansen, Jens Hjort"]
[Result "1-0"]
[WhiteElo "1947"]
[BlackElo "1936"]
[PlyCount "107"]
[EventDate "2011.??.??"]

1. e4 c5 2. g3 d5 3. d3 Nc6 4. c3 Nf6 5. Bg2 e6 6. f4 Be7 7. e5 Nd7 8. Nf3 b5
9. O-O a5 10. a4 Ba6 11. Qc2 O-O 12. Rd1 bxa4 13. Rxa4 Nb6 14. Ra1 Qb8 15. Be3
Rc8 16. Nbd2 a4 17. Bf2 Bb5 18. Rdb1 Na5 19. Bf1 Qb7 20. b3 Nxb3 21. Nxb3 axb3
22. Qxb3 Rxa1 23. Rxa1 Bc6 24. Rb1 Rb8 25. Qc2 d4 26. Nd2 Qc7 27. cxd4 Ba8 28.
dxc5 Rc8 29. Ne4 Bxe4 30. dxe4 Nd7 31. c6 Nb8 32. Bb5 g6 33. Ra1 Nxc6 34. Rc1
Ba3 35. Ra1 Be7 36. Bxc6 Qxc6 37. Qxc6 Rxc6 38. Ra2 Bc5 39. Bxc5 Rxc5 40. Kf2
Rc3 41. h3 h5 42. Re2 h4 43. Re3 hxg3+ 44. Rxg3 Rc4 45. Re3 Kg7 46. Kf3 Kh6 47.
Kg4 Rc1 48. f5 Rg1+ 49. Kf4 gxf5 50. exf5 Rf1+ 51. Rf3 Rxf3+ 52. Kxf3 exf5 53.
Kf4 f6 54. e6 1-0

[Event "Faxe Dags EMT 2011"]
[Site "Faxe"]
[Date "2011.05.11"]
[Round "6"]
[White "Andersen, Bjarne Hjorth"]
[Black "Hansen, Aage"]
[Result "1-0"]
[WhiteElo "1963"]
[BlackElo "1622"]
[PlyCount "99"]
[EventDate "2011.??.??"]

1. e4 e6 2. d4 d5 3. Nd2 Nf6 4. Bd3 Be7 5. e5 Nfd7 6. f4 c5 7. c3 Nc6 8. Ndf3
Qc7 9. Ne2 cxd4 10. cxd4 Nb4 11. Bb1 Nb6 12. a3 Nc6 13. O-O Bd7 14. Nc3 Na5 15.
Bd3 Nbc4 16. b3 Nb6 17. Bd2 a6 18. Rc1 Nc6 19. a4 Qd8 20. Ne2 f5 21. Qe1 Ba3
22. Rc2 Qe7 23. Ng5 g6 24. Kh1 Qg7 25. b4 Qf8 26. b5 Nb4 27. Bxb4 Bxb4 28. Qb1
a5 29. Qb3 h6 30. Nf3 Rc8 31. Rfc1 Rxc2 32. Qxc2 Ba3 33. Rb1 Qe7 34. Qc7 Qd8
35. Qxb7 Nxa4 36. Ra1 Bb4 37. Rxa4 Rh7 38. Ra1 g5 39. Rc1 g4 40. Nfg1 Re7 41.
Rc7 a4 42. Qa7 a3 43. Rb7 Ba5 44. Rb8 Bc8 45. Qa8 Ra7 46. Qxa7 a2 47. Rxc8 a1=Q
48. Rxd8+ Kxd8 49. b6 Bc3 50. Qc7+ 1-0

[Event "Faxe Dags EMT 2011"]
[Site "Faxe"]
[Date "2011.05.11"]
[Round "6"]
[White "Petersen, Bent"]
[Black "Arendal, Gustav"]
[Result "1-0"]
[WhiteElo "1884"]
[BlackElo "1834"]
[PlyCount "149"]
[EventDate "2011.??.??"]

1. d4 Nf6 2. c4 g6 3. Nc3 Bg7 4. e4 d6 5. Nf3 O-O 6. Be2 Nbd7 7. O-O e5 8. h3
a6 9. Be3 Nh5 10. dxe5 dxe5 11. Qd2 c6 12. Rfd1 Qe7 13. Qd6 Qxd6 14. Rxd6 Nf4
15. Bf1 Re8 16. Rad1 Nf8 17. Na4 N8e6 18. Nb6 Rb8 19. Nxc8 Rbxc8 20. Bb6 f5 21.
exf5 gxf5 22. Nh4 e4 23. Nxf5 Bxb2 24. Rd7 Rb8 25. Nd6 Rf8 26. Nxe4 Ba3 27. Ba7
Rbd8 28. Nf6+ Rxf6 29. Rxd8+ Nxd8 30. Rxd8+ Rf8 31. Rd7 b5 32. Rc7 Rf6 33. g3
Ng6 34. Rc8+ Kf7 35. Rc7+ Ne7 36. Be3 b4 37. c5 Ke8 38. Bg5 Re6 39. Bxe7 Rxe7
40. Rxc6 Re1 41. Kg2 Rc1 42. Bxa6 Rc2 43. Re6+ Kd7 44. Re2 Rxe2 45. Bxe2 Kc6
46. Bd3 h6 47. Kf3 Bb2 48. Kg4 Kxc5 49. Kh5 Bg7 50. Kg6 Bf8 51. Kf7 Bd6 52. Kg7
Kd4 53. Bg6 Ke5 54. Kxh6 Kf6 55. Bc2 Bf8+ 56. Kh5 Bd6 57. Kg4 Bc5 58. f4 Bf2
59. Kf3 Be1 60. h4 Kf7 61. h5 Kg7 62. g4 Kh6 63. Ke4 Bd2 64. Bd1 Bc3 65. Kf5
Bd2 66. Ke5 Bc3+ 67. Ke6 Bd4 68. g5+ Kg7 69. f5 Be3 70. f6+ Kf8 71. g6 Bh6 72.
Kd7 Bg5 73. g7+ Kg8 74. Bb3+ Kh7 75. g8=Q+ 1-0

[Event "Faxe Dags EMT 2011"]
[Site "Faxe"]
[Date "2011.05.11"]
[Round "6"]
[White "Hansen, Borge"]
[Black "Wehlast, Svend Erik"]
[Result "0-1"]
[WhiteElo "1592"]
[BlackElo "1420"]
[PlyCount "126"]
[EventDate "2011.??.??"]

1. e4 d5 2. exd5 Qxd5 3. Nc3 Qa5 4. d3 c6 5. Bd2 e6 6. Nf3 Nf6 7. Ne4 Qd8 8.
Nxf6+ gxf6 9. Qe2 Bg7 10. O-O-O a5 11. h3 Nd7 12. Be3 b5 13. d4 Ba6 14. Qd2 Qc8
15. Bh6 Rg8 16. Bxg7 Rxg7 17. Qh6 Rg8 18. Qxh7 Ke7 19. Qe4 Qc7 20. g3 Nb6 21.
Bg2 Nd5 22. Nd2 Nb4 23. Kb1 a4 24. Qe1 Nd5 25. Bxd5 cxd5 26. c3 Rgb8 27. a3 Rb6
28. Rc1 Rab8 29. Rh2 Qd6 30. f4 f5 31. h4 Rh8 32. Nf3 f6 33. Ka1 Qc7 34. Nd2
Rc6 35. Nf1 Rd6 36. Ne3 Kf7 37. Qf2 b4 38. axb4 Bc4 39. Nc2 a3 40. bxa3 Ra6 41.
Kb2 Rb8 42. Ra1 Rba8 43. Kc1 Bb3 44. Kb2 Ba4 45. Ne3 Rc6 46. Rc1 Bb5 47. Qd2
Rca6 48. Ra1 Qa7 49. Nc2 Ba4 50. h5 Bxc2 51. Kxc2 Rxa3 52. Rxa3 Qxa3 53. Kd3
Qa6+ 54. Ke3 Qf1 55. h6 Qg1+ 56. Kf3 Rg8 57. Rg2 Qh1 58. Qe2 Qxh6 59. b5 Rc8
60. Qb2 Qh5+ 61. Kf2 Qd1 62. Ke3 Qe1+ 63. Re2 Rxc3+ 0-1